Pháp luật cạnh tranh, chuyển giao công nghệ và hiệp định TRIPS : Kinh nghiệm cho Việt Nam

Trình bày các quy định về chuyển giao công nghệ và cạnh tranh của Hiệp định Trips ; Pháp luật cạnh tranh trong lĩnh vực chuyển giao công nghệ ở Mỹ và EU ; Pháp luật cạnh tranh trong lĩnh vực chuyển giao công nghệ ở các nước đang phát triển. Đồn...

Descripción completa

Guardado en:
Detalles Bibliográficos
Autor principal: Nguyễn, Thanh Tú
Formato: Libro
Lenguaje:Undetermined
Publicado: Hà Nội Chính trị Quốc gia 2010
Materias:
Etiquetas: Agregar Etiqueta
Sin Etiquetas, Sea el primero en etiquetar este registro!
Thư viện lưu trữ: Trung tâm Học liệu Trường Đại học Cần Thơ
LEADER 01306nam a2200229Ia 4500
001 CTU_227445
008 210402s9999 xx 000 0 und d
020 |c 79000 
082 |a 343.5970721 
082 |b T500 
100 |a Nguyễn, Thanh Tú 
245 0 |a Pháp luật cạnh tranh, chuyển giao công nghệ và hiệp định TRIPS : 
245 0 |b Kinh nghiệm cho Việt Nam 
245 0 |c Nguyễn Thanh Tú 
260 |a Hà Nội 
260 |b Chính trị Quốc gia 
260 |c 2010 
520 |a Trình bày các quy định về chuyển giao công nghệ và cạnh tranh của Hiệp định Trips ; Pháp luật cạnh tranh trong lĩnh vực chuyển giao công nghệ ở Mỹ và EU ; Pháp luật cạnh tranh trong lĩnh vực chuyển giao công nghệ ở các nước đang phát triển. Đồng thời nêu lên triển vọng của pháp luật cạnh tranh trong lĩnh vực chuyển giao công nghệ trong bối cảnh toàn cầu cũng như những kinh nghiệm cho Việt Nam 
650 |a Luật chống độc quyền,Antitrust law 
650 |z Việt Nam,Vietnam 
910 |b nthai 
980 |a Trung tâm Học liệu Trường Đại học Cần Thơ